[Event "Wch U20 Girls 35th"]
[Site "Tarvisio"]
[Date "2017.11.22"]
[Round "9"]
[White "Koo, Wei Xin Rosamund"]
[Black "Li, Zhuoling"]
[Result "0-1"]
[WhiteElo "1900"]
[BlackElo "2006"]
[PlyCount "158"]
[EventDate "2017.11.13"]
[EventType "swiss"]
[EventRounds "11"]
[EventCountry "ITA"]
[SourceTitle "CBM 181 Extra"]
[Source "ChessBase"]
[SourceDate "2017.12.12"]
[SourceVersion "1"]
[SourceVersionDate "2017.12.12"]
[SourceQuality "1"]

1. c4 Nf6 2. Nc3 d5 3. cxd5 Nxd5 4. g3 g6 5. Bg2 Nxc3 6. bxc3 Bg7 7. Rb1 c6 8. Nf3 0-0 9. 0-0 b6 10. Qc2 Bb7 11. d4 Nd7 12. e4 e5 13. Ba3 Re8 14. Rfe1 Qc7 15. Rbd1 Rad8 16. Bc1 c5 17. d5 b5 18. c4 b4 19. Bg5 f6 20. Be3 a5 21. h4 Nb6 22. Nd2 Bf8 23. Rc1 Bd6 24. h5 g5 25. Bh3 Bc8 26. Bxc8 Rxc8 27. Qd1 Qd7 28. g4 a4 29. Nf1 Ra8 30. Ng3 Nc8 31. Qf3 Rf8 32. h6 Ra5 33. Nh5 Be7 34. Ng7 Nd6 35. Ne6 Rc8 36. Kg2 Qe8 37. Bd2 Ra6 38. Ng7 Qg6 39. Nf5 Nxf5 40. exf5 Qf7 41. Rcd1 Bd6 42. Rh1 Re8 43. Rde1 Rb6 44. Rh5 Kh8 45. Rb1 Reb8 46. Bxg5 fxg5 47. Rxg5 Rg8 48. Rg7 Rxg7 49. hxg7+ Kxg7 50. g5 b3 51. f6+ Kg8 52. axb3 axb3 53. Rxb3 Rxb3 54. Qxb3 Qg6 55. Qe3 h6 56. f4 Qc2+ 57. Kg1 Qd1+ 58. Kf2 Qc2+ 59. Kg1 Qb1+ 60. Kg2 hxg5 61. fxg5 Qf5 62. Qg3 Kf7 63. Qh4 Qg6 64. Qg4 Qc2+ 65. Kh3 Kg6 66. f7 Qf5 67. Qxf5+ Kxf5 68. Kh4 e4 69. Kh5 e3 70. g6 Kf6 71. Kh6 Bf8+ 72. Kh7 e2 73. Kg8 e1Q 74. Kxf8 Kxg6 75. Kg8 Qh4 76. f8N+ Kf6 77. Nh7+ Ke7 78. Nf8 Qg5+ 79. Kh7 Kxf8 0-1

[Event "Wch U20 Girls 35th"]
[Site "Tarvisio"]
[Date "2017.11.20"]
[Round "7"]
[White "Ning, Kaiyu"]
[Black "Li, Zhuoling"]
[Result "1-0"]
[WhiteElo "2173"]
[BlackElo "2006"]
[PlyCount "113"]
[EventDate "2017.11.13"]
[EventType "swiss"]
[EventRounds "11"]
[EventCountry "ITA"]
[SourceTitle "CBM 181 Extra"]
[Source "ChessBase"]
[SourceDate "2017.12.12"]
[SourceVersion "1"]
[SourceVersionDate "2017.12.12"]
[SourceQuality "1"]

1. d4 Nf6 2. Bf4 g6 3. Nc3 d5 4. e3 Bg7 5. h4 h5 6. Nf3 0-0 7. Ne5 Nbd7 8. Be2 c6 9. f3 Nxe5 10. Bxe5 Nd7 11. Bxg7 Kxg7 12. Qd2 e5 13. 0-0-0 b5 14. dxe5 Nxe5 15. Qd4 f6 16. e4 Qb6 17. exd5 b4 18. Ne4 cxd5 19. Qxd5 Be6 20. Qc5 Rac8 21. Qxb6 axb6 22. b3 Rfd8 23. Nd6 Rc6 24. Nb5 Rcc8 25. Nd4 Bf7 26. Rd2 Rd5 27. f4 Ng4 28. Bf3 Ra5 29. Kb2 Rac5 30. Re1 Rc3 31. Nb5 Re3 32. Bxg4 Rxc2+ 33. Rxc2 Rxe1 34. Bf3 Rh1 35. Nd6 Be6 36. Re2 Bg4 37. Re7+ Kf8 38. Rf7+ Kg8 39. Bxg4 hxg4 40. Rxf6 Kg7 41. Ne8+ Kh7 42. Rf7+ Kg8 43. Rd7 Rh2 44. Rd2 Rxh4 45. g3 Rh3 46. Nf6+ Kg7 47. Ne4 Rh1 48. Re2 Rd1 49. Kc2 Ra1 50. Kd3 Rc1 51. Rc2 Rd1+ 52. Kc4 Re1 53. Kd5 Re3 54. Rc7+ Kf8 55. Rc6 Re2 56. Rxb6 Rxa2 57. Rxb4 1-0

[Event "Bayern-chI Bank Hofmann 21st"]
[Site "Tegernsee"]
[Date "2017.11.01"]
[Round "5"]
[White "Li, Zhuoling"]
[Black "Schultz, Andreas"]
[Result "0-1"]
[WhiteElo "2007"]
[BlackElo "2215"]
[PlyCount "182"]
[EventDate "2017.10.28"]
[EventType "swiss"]
[EventRounds "9"]
[EventCountry "GER"]
[SourceTitle "CBM 181 Extra"]
[Source "ChessBase"]
[SourceDate "2017.12.12"]
[SourceVersion "1"]
[SourceVersionDate "2017.12.12"]
[SourceQuality "1"]

1. e4 e6 2. d4 d5 3. Nd2 c5 4. exd5 Qxd5 5. Ngf3 cxd4 6. Bc4 Qd6 7. 0-0 Nf6 8. Nb3 Nc6 9. Nbxd4 Nxd4 10. Nxd4 a6 11. Re1 Qc7 12. Bf1 Bd7 13. Qf3 0-0-0 14. Bf4 Qb6 15. c3 Nd5 16. Bg3 f6 17. Rad1 Nc7 18. Bxc7 Kxc7 19. c4 e5 20. Nb3 Bc5 21. Nxc5 Qxc5 22. b4 Qe7 23. b5 Bc8 24. bxa6 bxa6 25. Rb1 Qc5 26. Be2 Rd2 27. Qb3 Rhd8 28. a4 Kd6 29. h3 Ke7 30. Qg3 Kf8 31. Qh4 h6 32. Red1 R8d4 33. Qg3 Rxe2 34. Qf3 Red2 35. Rxd2 Rxd2 36. Rb8 Rd8 37. Qe4 f5 38. Qh4 Qe7 39. Qh5 Be6 40. Rb6 Bxc4 41. Qxf5+ Kg8 42. Qg4 Qf7 43. Rxh6 Be2 44. Qg3 Rd1+ 45. Kh2 Qf4 46. Qxf4 exf4 47. Re6 Rd2 48. Re4 f3 49. gxf3 Bxf3 50. Re6 Be2 51. Kg3 Ra2 52. f4 Ra3+ 53. Kh4 Bf1 54. Kg5 Rxh3 55. f5 Rg3+ 56. Kf4 Ra3 57. Kg5 Rxa4 58. Rd6 Bb5 59. f6 gxf6+ 60. Kxf6 a5 61. Ke5 Rb4 62. Rd4 Rb3 63. Rd1 Rc3 64. Kd4 Rc4+ 65. Kd3 a4 66. Kd2 a3 67. Ra1 Ra4 68. Kc2 Bc4 69. Re1 Kf7 70. Kb1 a2+ 71. Ka1 Bd3 72. Rd1 Bc4 73. Re1 Be6 74. Rf1+ Ke7 75. Rd1 Ra5 76. Rc1 Kd6 77. Kb2 Bd5 78. Ka1 Ra4 79. Kb2 Bc4 80. Ka1 Kc5 81. Rg1 Kb4 82. Rg2 Ra7 83. Rg1 Re7 84. Rh1 Re5 85. Rg1 Bd3 86. Rd1 Kc3 87. Rc1+ Bc2 88. Rh1 Rb5 89. Rh3+ Bd3 90. Rg3 Rb1+ 91. Kxa2 Rb5 0-1

[Event "Korbach op 9th"]
[Site "Korbach"]
[Date "2017.10.21"]
[Round "5"]
[White "Li, Zhuoling"]
[Black "Kuznetsova, Elena V"]
[Result "0-1"]
[WhiteElo "2007"]
[BlackElo "2127"]
[PlyCount "68"]
[EventDate "2017.10.19"]
[EventType "swiss"]
[EventRounds "7"]
[EventCountry "GER"]
[SourceTitle "CBM 181 Extra"]
[Source "ChessBase"]
[SourceDate "2017.12.12"]
[SourceVersion "1"]
[SourceVersionDate "2017.12.12"]
[SourceQuality "1"]

1. e4 c5 2. Nf3 d6 3. d4 cxd4 4. Nxd4 Nf6 5. Nc3 a6 6. Be2 e6 7. 0-0 Qc7 8. a4 b6 9. f4 Bb7 10. Bf3 Nbd7 11. Kh1 Be7 12. g4 Nc5 13. Qe2 0-0 14. g5 Ne8 15. Bg2 Rd8 16. f5 e5 17. f6 exd4 18. Nd5 Bxd5 19. exd5 gxf6 20. gxf6 Bxf6 21. Ra3 Be5 22. b4 Nd7 23. Rh3 f5 24. Qh5 Ndf6 25. Qxf5 Kh8 26. Be4 Rg8 27. Bg5 Qd7 28. Bg2 Qxf5 29. Rxf5 Rc8 30. Bxf6+ Nxf6 31. Rf2 Rc3 32. Rh4 Re3 33. Bf1 Re1 34. Rh3 Ne4 0-1